LEADER 01445nam a2200301 i 4500 001 000000168743 003 CaOOAMICUS 005 20080124000000.0 008 080124s2006 sp u000 u spa u 013 $a146145 020 $a84-96135-15-2 040 $aSeMil$bita 245 10$aCatálogo del Archivio del monasterio Santo Domingo de Silos /$cMiguel C. Vivancos, O.S.B. 260 $aSanto Domingo de Silos :$bAbadía de Silos,$c2006. 260 $a[Valladolid] :$bJunta de Castilla y Leon,$c2006. 300 $a453 p. :$b[6] p. di tav., ill. ;$c24 cm. 490 0 $aStudia Silensia ;$v29. 500 $aContiene : Bibliografía (pp. 305-310). 650 4$aSanto Domingo de Silos - Monastero - Archivio.$0(OLS)http://semarc/subject/32197 700 1 $aVivancos Gomez, Miguel C.,$c.$0(OLS)http://semarc/name/23902 830 0$aStudia Silensia [Abadia de Silos] ;$v29.$0(OLS)http://semarc/title/369 850 $aSeMil 852 $aSeMil$W1$xVenegono$y1$m3C III 29$j119763$B119763$CSeMilBibl$Z2$F130825 $81 961 $aCambio: Scuola Cattolica 996 $6020$a84-96135-15-2$9(OLS)http://semarc/number/155565 996 $6245$aCatálogo del Archivio del monasterio Santo Domingo de Silos$9(OLS)http://semarc/title/241404 996 $6260$a[Valladolid] :$bJunta de Castilla y Leon$9(OLS)http://semarc/publisher/48794 996 $6260$aSanto Domingo de Silos :$bAbadía de Silos$9(OLS)http://semarc/publisher/29723 LEADER 01263nam a2200229 i 4500 001 000000001500 003 CaOOAMICUS 005 20260409142658.0 008 180830s1992 it u000 u ita u 040 $aSeMil$bita 100 1 $aPoppi, Angelico <1928-2017>.$0(OLS)http://semarc/name/89177 245 10$aSinossi dei quattro Vangeli :$b(duplice e triplice tradizione in evidenza) /$c[a cura di] Angelico Poppi. 260 $aPadova :$bMessaggero,$c1992. 300 $a2 v. ;$c24 cm. 650 4$aBibbia. Nuovo Testamento. Vangeli - Commentari, studi, critica, interpretazioni.$0(OLS)http://semarc/subject/537 650 4$aBibbia. Nuovo Testamento. Vangeli - Concordanze.$0(OLS)http://semarc/subject/150 774 0 $t1: Testo.$b10. ed. riveduta$g1$w()37354 774 0 $t2: Introduzione generale e ai singoli vangeli ; Commento.$b2. ed. corretta e ampliata.$z88-7026-969-8$g2$w()112800 774 0 $t2: I quattro Vangeli.$b6. ed. aggiornata, ampliata, completamente rifusa.$dPadova : Messaggero, 1998.$z88-250-0662-4$g2$w()69902 996 $6245$aSinossi dei quattro Vangeli :$b(duplice e triplice tradizione in evidenza)$9(OLS)http://semarc/title/2434 996 $6260$aPadova :$bMessaggero$9(OLS)http://semarc/publisher/29786